Preferential behavior on life insurance plan in rural and urban area of Rohtak district (Record no. 357664)

MARC details
000 -LEADER
fixed length control field 00518nam a2200193 4500
005 - DATE & TIME
control field 20241018105025.0
008 - FIXED-LENGTH DATA ELEMENTS--GENERAL INFORMATION
fixed length control field 241018b |||||||| |||| 00| 0 eng d
020 ## - ISBN
International Standard Book Number X
Price [n.p.]
040 ## - CATALOGING SOURCE
Original cataloging agency VIVEKANANDA LIBRARY
082 ## - DDC NUMBER
Classification number 381
Book Number M471P
100 ## - MAIN ENTRY--PERSONAL NAME
Personal name Meenu
245 ## - TITLE STATEMENT
Title Preferential behavior on life insurance plan in rural and urban area of Rohtak district
260 ## - PUBLICATION, DISTRIBUTION, ETC. (IMPRINT)
Name of publisher, distributor, etc Dept. of Commerce, M D University, Rohtak
Date of publication, distribution, etc 2019
300 ## - PHYSICAL DESCRIPTION
Pages ix, 107
650 ## - Subject
Subject Commerce
700 ## - Added Entry Personal Name
Added Entry Personal Name Rajpal Singh
942 ## - ADDED ENTRY ELEMENTS (KOHA)
Koha item type Thesis
Holdings
Withdrawn status Lost status Source of classification or shelving scheme Damaged status Not for loan Location (home branch) Sublocation or collection (holding branch) Shelving location Date acquired Koha issues (times borrowed) Koha full call number Accession No. Koha date last seen Copy number Koha item type
    Dewey Decimal Classification     VIVEKANANDA LIBRARY VIVEKANANDA LIBRARY Vivekananda Library 18/10/2024   381 M471P 410422 18/10/2024 R Thesis
© Designed and Maintained by Vivekananda Library, MDU Rohtak